| 000 | 00382cam a2200157ua 4500 | ||
|---|---|---|---|
| 003 | OSt | ||
| 008 | 250415b |||||||| |||| 00| 0 eng d | ||
| 041 | _aeng | ||
| 082 |
_a624.15136 _bAWA/IN |
||
| 100 |
_aAswathy, S. N . _97410 |
||
| 245 | _aIntroductory soil mechanics | ||
| 250 | _a3 / | ||
| 260 |
_aBhopal : _bJ K publishing house , _c1985. |
||
| 300 | _a383 ; . | ||
| 942 | _cBK | ||
| 999 |
_c1458 _d1458 |
||